| 000 | 00650nam a2200181 a 4500 | ||
|---|---|---|---|
| 005 | 20210223121626.0 | ||
| 008 | 991125 mer 000 0 spa u | ||
| 020 | _a9682923212 | ||
| 035 | _aUPN01000021167 | ||
| 049 | _aSEP | ||
| 050 | 4 |
_aL227 E8.71 _bE8.33 1988 |
|
| 245 | 0 | 0 |
_aEstadística básica del sistema educativo en el Estado de Yucatán : _binicio de cursos : 1987-1988 _b1987-1988 / _cServicios Coordinados de Educación Pública en el Estado de Yucatán |
| 260 |
_aMérida : _bSEP |
||
| 300 | _a[24] p. | ||
| 650 | 4 |
_aEDUCACION - _vESTADISTICA - _zYUCATAN _97335 |
|
| 710 | 1 |
_aMéxico. _bSecretaría de Educación Pública |
|
| 905 | _aLibro | ||
| 999 |
_c21167 _d21167 |
||